La esquemática: visualizar la información
Uloženo v:
| Hlavní autor: | |
|---|---|
| Médium: | Kniha |
| Jazyk: | španělština |
| Vydáno: |
Barcelona
Paidós
1998
|
| Vydání: | 1a. ed |
| Edice: | Colección Paidós estética, 26
|
| Témata: | |
| Tagy: |
Přidat tag
Žádné tagy, Buďte první, kdo vytvoří štítek k tomuto záznamu!
|
MARC
| LEADER | 00000nam a2200000 a 4500 | ||
|---|---|---|---|
| 001 | UCP5189 | ||
| 003 | CL-VaPUC | ||
| 008 | 990903e19980000SP |||||||||||||||||spa|d | ||
| 020 | |a 8449306116 | ||
| 082 | 0 | 4 | |a 701.1 |b COS |2 21 |
| 100 | |a Costa, Joan |e autor |9 433354 | ||
| 245 | 1 | 3 | |a La esquemática: visualizar la información |
| 250 | |a 1a. ed | ||
| 300 | |a 222 p | ||
| 942 | |c BK | ||
| 945 | |d 19990903 00:00:00 |a rbrito | ||
| 260 | |a Barcelona |b Paidós |c 1998 | ||
| 650 | 0 | |a Estética |9 264950 | |
| 650 | 0 | |a Comunicación |9 257251 | |
| 650 | 0 | |a Percepción |9 266750 | |
| 650 | 0 | |a Diseño gráfico |9 266874 | |
| 583 | |a last modification |c 19990903 00:00:00 |k Rodrigo Vera | ||
| 490 | 0 | |a Colección Paidós estética, 26 | |
| 999 | |c 282978 |d 282976 | ||
| 952 | |0 0 |1 0 |4 0 |6 701_100000000000000_COS_1998 |7 0 |8 A |9 325709 |a FDOPOS |b FDOPOS |d 2019-11-20 |i 3534936 |o 701.1 COS 1998 |p 3534936 |r 2025-01-22 |w 2019-11-20 |y BK |k MLA | ||
| 952 | |0 0 |1 0 |4 0 |6 701_100000000000000_COS_1998 |7 0 |8 A |9 325710 |a BIBARQ |b BIBARQ |d 2019-11-20 |i 4279972 |l 1 |o 701.1 COS 1998 |p 4279972 |r 2025-01-20 |s 2023-03-14 |w 2019-11-20 |y BK |k ARQ | ||